Economic Research in the Visegrad Countries: An Insiders’ World on Europe’s Periphery

Krátka esej zameraná na ekonomický výskum v krajinách Vyšehradskej štvorky.

Guardado en:
Detalles Bibliográficos
Autor principal: Kahanec, Martin, 1977-
Otros Autores: Kahancová, Marta
Formato: Capítulo de libro
Lenguaje:inglés
Materias:
Etiquetas: Agregar Etiqueta
Sin Etiquetas, Sea el primero en etiquetar este registro!

MARC

LEADER 00000naa$a2200000$$$4500
001 0271153
005 20240502083821.2
041 0 |a eng 
044 |a AT 
245 1 0 |a Economic Research in the Visegrad Countries: An Insiders’ World on Europe’s Periphery  |c Martin Kahanec, Marta Kahancová 
520 |a Krátka esej zameraná na ekonomický výskum v krajinách Vyšehradskej štvorky. 
610 2 0 |a výskum ekonomický 
610 2 0 |a Vyšehradská štvorka 
610 2 0 |a sektor verejný 
610 2 0 |a veda 
100 1 |a Kahanec, Martin, 1977- 
700 1 |a Kahancová, Marta